[Event "Titled Tuesday intern op 16th Apr Late"]
[Site "Chess.com INT"]
[Date "2024.04.16"]
[Round "5"]
[White "Sumets, Andrey"]
[Black "Rustemov, Alexander"]
[Result "0-1"]
[WhiteElo "2514"]
[BlackElo "2525"]
[PlyCount "142"]
[EventDate "2024.04.16"]
[EventType "swiss (blitz)"]
[EventRounds "11"]
[EventCountry "USA"]
[SourceTitle "CB17_2024"]
[SourceDate "2024.04.24"]
[SourceVersion "1"]
[SourceVersionDate "2024.04.24"]
[SourceQuality "1"]

1. d4 d5 2. c4 dxc4 3. e3 Nf6 4. Bxc4 e6 5. Nf3 c5 6. 0-0 a6 7. Bd3 Nbd7 8. Nc3 b6 9. Qe2 Bb7 10. Rd1 Qb8 11. b3 Bd6 12. Bb2 cxd4 13. exd4 Bxf3 14. Qxf3 Bxh2+ 15. Kf1 Bd6 16. d5 e5 17. Qh3 h6 18. Ne4 Nxe4 19. Bxe4 Nf6 20. Bf5 0-0 21. Rac1 Rd8 22. Rc6 Qb7 23. Qf3 Rab8 24. a4 Qe7 25. Re1 Re8 26. Qg3 b5 27. Rxa6 bxa4 28. Rxa4 e4 29. Qh4 Be5 30. Bxe5 Qxe5 31. Bxe4 Qc3 32. Qg3 Qxg3 33. fxg3 Rxb3 34. Bf3 Rbb8 35. Rxe8+ Rxe8 36. Rd4 Kf8 37. d6 Rd8 38. Bc6 Ne8 39. Bxe8 Kxe8 40. Re4+ Kf8 41. Rd4 f6 42. Kf2 Kf7 43. Kf3 Ke6 44. Kf4 Rxd6 45. Re4+ Kf7 46. Ra4 Rd2 47. Kf3 h5 48. g4 h4 49. Ra5 g5 50. Ra7+ Kg6 51. Ra8 Rd3+ 52. Kf2 Rg3 53. Ra4 Rb3 54. Rc4 Kf7 55. Kg1 Ke6 56. Kh2 Rd3 57. Ra4 Ke5 58. Ra5+ Rd5 59. Ra6 Rd4 60. Kh3 Rd3+ 61. Kh2 Rg3 62. Ra5+ Ke6 63. Ra6+ Kf7 64. Ra7+ Kg6 65. Ra4 Rd3 66. Rb4 Rd1 67. Ra4 Rf1 68. Rb4 Rf4 69. Rxf4 gxf4 70. Kg1 Kg5 71. Kf2 Kxg4 0-1

[Event "Alicante Easter op 7th"]
[Site "La Nucia"]
[Date "2023.04.07"]
[Round "4"]
[White "Sumets, Andrey"]
[Black "Isha, Sharma"]
[Result "1-0"]
[WhiteElo "2506"]
[BlackElo "2216"]
[PlyCount "95"]
[EventDate "2023.04.05"]
[EventType "swiss"]
[EventRounds "9"]
[EventCountry "ESP"]
[SourceTitle "CBM 213 Extra"]
[Source "ChessBase"]
[SourceDate "2023.05.31"]
[SourceVersion "1"]
[SourceVersionDate "2023.05.31"]
[SourceQuality "1"]

1. d4 Nf6 2. c4 e6 3. Nf3 Bb4+ 4. Nbd2 0-0 5. a3 Be7 6. g3 b6 7. Bg2 Bb7 8. 0-0 c5 9. e3 d5 10. cxd5 Bxd5 11. dxc5 Bxc5 12. b4 Be7 13. Bb2 Nbd7 14. Rc1 Rc8 15. Qa4 Rxc1 16. Rxc1 Qb8 17. Bxf6 Nxf6 18. Nd4 Bxg2 19. Kxg2 Qa8+ 20. Nc6 Rc8 21. Nf3 Bf8 22. b5 Nd7 23. Rd1 Nb8 24. Nxb8 Rxb8 25. Rd7 Rb7 26. Qe4 Rb8 27. Qf4 f6 28. Qc7 Kh8 29. a4 e5 30. Qxa7 Qxa7 31. Rxa7 Bb4 32. g4 Re8 33. Rb7 Ba5 34. g5 Kg8 35. Nh4 fxg5 36. Nf5 Kh8 37. Nxg7 Rg8 38. Nf5 Rf8 39. Nd6 Kg8 40. Rd7 Be1 41. Ne4 Bb4 42. Nxg5 Ra8 43. Rxh7 Rxa4 44. Rh4 Kg7 45. Nf3 Kf6 46. Rc4 Kf5 47. e4+ Kf4 48. Ne1 1-0

[Event "BL2-Sued 2223"]
[Site "Germany"]
[Date "2023.02.25"]
[Round "7.1"]
[White "Sumets, Andrey"]
[Black "Aczel, Gergely"]
[Result "1/2-1/2"]
[WhiteElo "2504"]
[BlackElo "2477"]
[PlyCount "77"]
[EventDate "2022.10.22"]
[EventType "team-tourn"]
[EventRounds "9"]
[EventCountry "GER"]
[SourceTitle "EXT 2024"]
[Source "ChessBase"]
[SourceDate "2023.10.10"]
[SourceVersion "1"]
[SourceVersionDate "2023.10.10"]
[SourceQuality "1"]
[WhiteTeam "Hofheim"]
[BlackTeam "Walldorf"]
[WhiteTeamCountry "GER"]
[BlackTeamCountry "GER"]

1. d4 Nf6 2. c4 e6 3. Nf3 d5 4. Nc3 Be7 5. Bf4 0-0 6. e3 Nbd7 7. cxd5 Nxd5 8. Nxd5 exd5 9. Bd3 c5 10. 0-0 c4 11. Bc2 Nf6 12. Ne5 Be6 13. b3 c3 14. Qd3 Rc8 15. f3 g6 16. g4 Nd7 17. Qb5 Nxe5 18. Bxe5 Qd7 19. Qxd7 Bxd7 20. a4 Rfd8 21. Rfc1 a6 22. Bd3 Kf8 23. Kf2 f6 24. Bg3 Kf7 25. Ke2 Rh8 26. Rg1 h5 27. gxh5 Rxh5 28. Kd1 g5 29. Kc2 f5 30. Rg2 Bf6 31. Rd1 Rh3 32. Rf2 f4 33. exf4 Bxd4 34. Rg2 g4 35. fxg4 Bxg4 36. Be2 Bf5+ 37. Bd3 Bg4 38. Be2 Bf5+ 39. Bd3 1/2-1/2

[Event "BL2-Sued 2223"]
[Site "Germany"]
[Date "2023.02.04"]
[Round "5.1"]
[White "Wenninger, Philipp"]
[Black "Sumets, Andrey"]
[Result "1/2-1/2"]
[WhiteElo "2388"]
[BlackElo "2504"]
[PlyCount "111"]
[EventDate "2022.10.22"]
[EventType "team-tourn"]
[EventRounds "9"]
[EventCountry "GER"]
[SourceTitle "EXT 2024"]
[Source "ChessBase"]
[SourceDate "2023.10.10"]
[SourceVersion "1"]
[SourceVersionDate "2023.10.10"]
[SourceQuality "1"]
[WhiteTeam "Heilbronn"]
[BlackTeam "Hofheim"]
[WhiteTeamCountry "GER"]
[BlackTeamCountry "GER"]

1. d4 Nf6 2. c4 e6 3. g3 d5 4. Nf3 Be7 5. Bg2 0-0 6. 0-0 dxc4 7. Ne5 Qd6 8. Nc3 Qa6 9. b3 cxb3 10. Bf4 b2 11. Rb1 c6 12. Rxb2 Nbd7 13. e4 Nxe5 14. Bxe5 Qa5 15. Qb3 Ng4 16. Bf4 e5 17. dxe5 Nxe5 18. Nd5 Bd6 19. Bxe5 Bxe5 20. Ne7+ Kh8 21. Rbb1 Rb8 22. Nxc8 Rbxc8 23. Qc4 Rc7 24. f4 Qc3 25. Qxc3 Bxc3 26. Rfd1 c5 27. e5 Rb8 28. a4 Ba5 29. Rd5 Bb6 30. Be4 g6 31. Kf1 c4 32. Rc1 c3 33. Ke2 a6 34. Bc2 Bc5 35. Bd3 Ba3 36. Rc2 Kg7 37. h4 Kf8 38. g4 Ke8 39. h5 gxh5 40. gxh5 h6 41. Kf3 Rd8 42. Rxd8+ Kxd8 43. Ke4 Bb2 44. f5 Rc5 45. f6 Ra5 46. Bc4 Rxa4 47. Kd3 Ke8 48. e6 fxe6 49. Bxe6 Rf4 50. f7+ Ke7 51. Re2 Rd4+ 52. Kc2 Rd2+ 53. Rxd2 cxd2 54. Bc8 Kxf7 55. Bxb7 a5 56. Kxd2 1/2-1/2

[Event "Sitges Sunway op 9th"]
[Site "Sitges"]
[Date "2022.12.17"]
[Round "6"]
[White "Sumets, Andrey"]
[Black "Korobov, Anton"]
[Result "1/2-1/2"]
[WhiteElo "2506"]
[BlackElo "2662"]
[PlyCount "60"]
[EventDate "2022.12.12"]
[EventType "swiss"]
[EventRounds "10"]
[EventCountry "ESP"]
[SourceTitle "CBM 211 Extra"]
[Source "ChessBase"]
[SourceDate "2023.01.31"]
[SourceVersion "1"]
[SourceVersionDate "2023.01.31"]
[SourceQuality "1"]

1. d4 Nf6 2. Nf3 d5 3. c4 e6 4. Nc3 c6 5. e3 Nbd7 6. Qc2 Bd6 7. b3 0-0 8. Be2 b6 9. 0-0 Bb7 10. Bb2 Re8 11. Rad1 Qe7 12. e4 Nxe4 13. Nxe4 dxe4 14. Qxe4 Nf8 15. Qc2 c5 16. dxc5 Bxc5 17. Nd2 e5 18. Ne4 Ne6 19. Nxc5 bxc5 20. Bd3 Ng5 21. f3 Rad8 22. h4 e4 23. hxg5 exd3 24. Rxd3 Rxd3 25. Qxd3 Qxg5 26. Bc1 Qe7 27. Bf4 Bc8 28. Bg3 Rd8 29. Qc3 h6 30. Re1 Be6 1/2-1/2

[Event "Sitges Sunway op 9th"]
[Site "Sitges"]
[Date "2022.12.15"]
[Round "4"]
[White "Sumets, Andrey"]
[Black "Grigoryan, Karen H"]
[Result "0-1"]
[WhiteElo "2506"]
[BlackElo "2619"]
[PlyCount "82"]
[EventDate "2022.12.12"]
[EventType "swiss"]
[EventRounds "10"]
[EventCountry "ESP"]
[SourceTitle "CBM 211 Extra"]
[Source "ChessBase"]
[SourceDate "2023.01.31"]
[SourceVersion "1"]
[SourceVersionDate "2023.01.31"]
[SourceQuality "1"]

1. d4 d6 2. Nf3 g6 3. c4 Bg7 4. e4 Bg4 5. Be2 c5 6. d5 e6 7. Nc3 exd5 8. exd5 Ne7 9. Bf4 0-0 10. 0-0 Nf5 11. h3 Bxf3 12. Bxf3 Na6 13. Re1 Nc7 14. Rb1 b6 15. Be4 Nd4 16. Bd3 Rb8 17. Ne4 Ne8 18. Qd2 Rb7 19. b4 Re7 20. bxc5 bxc5 21. Bg5 f6 22. Be3 f5 23. Nc3 Nf6 24. Bxd4 cxd4 25. Nb5 Ne8 26. Rxe7 Qxe7 27. Qa5 f4 28. Nxa7 f3 29. Nc6 Qh4 30. Qd8 Qf4 31. g3 Qd2 32. Bf1 Bh6 33. Qh4 Be3 34. fxe3 dxe3 35. Qd4 Qf2+ 36. Kh1 Nf6 37. Ne7+ Kf7 38. Qa7 Nh5 39. Nf5+ Kg8 40. Nh6+ Kh8 41. Qd4+ Rf6 0-1

[Event "Santiago de Compostela Bicapawn GP B4"]
[Site "Santiago de Compostela"]
[Date "2022.10.21"]
[Round "8"]
[White "Guerrero Olmos, Sergio"]
[Black "Sumets, Andrey"]
[Result "1/2-1/2"]
[WhiteElo "2372"]
[BlackElo "2493"]
[PlyCount "59"]
[EventDate "2022.10.21"]
[EventType "swiss (blitz)"]
[EventRounds "9"]
[EventCountry "ESP"]
[SourceTitle "CBM 210 Extra"]
[Source "ChessBase"]
[SourceDate "2022.11.30"]
[SourceVersion "1"]
[SourceVersionDate "2022.11.30"]
[SourceQuality "1"]

1. d4 d5 2. Nf3 Nf6 3. Bf4 c5 4. e3 Nc6 5. c3 Qb6 6. Na3 a6 7. Qb3 Qa7 8. dxc5 e6 9. Bd6 Bxd6 10. cxd6 Qc5 11. Be2 0-0 12. 0-0 b5 13. Nc2 Qxd6 14. a4 bxa4 15. Rxa4 e5 16. Rd1 Rb8 17. Qa2 a5 18. e4 Be6 19. exd5 Bxd5 20. c4 Qc5 21. b4 axb4 22. cxd5 b3 23. Qa3 Qxc2 24. Rd2 Qb1+ 25. Rd1 Qc2 26. Rd2 Qb1+ 27. Rd1 Qc2 28. Rd2 Qb1+ 29. Rd1 Qc2 30. Rd2 1/2-1/2

[Event "Santiago de Compostela Bicapawn GP B4"]
[Site "Santiago de Compostela"]
[Date "2022.10.21"]
[Round "4"]
[White "Rodriguez Redondo, Adhara"]
[Black "Sumets, Andrey"]
[Result "1-0"]
[WhiteElo "2048"]
[BlackElo "2493"]
[PlyCount "89"]
[EventDate "2022.10.21"]
[EventType "swiss (blitz)"]
[EventRounds "9"]
[EventCountry "ESP"]
[SourceTitle "CBM 210 Extra"]
[Source "ChessBase"]
[SourceDate "2022.11.30"]
[SourceVersion "1"]
[SourceVersionDate "2022.11.30"]
[SourceQuality "1"]

1. e4 e6 2. d4 d5 3. exd5 exd5 4. Nf3 Bd6 5. c4 Nf6 6. Nc3 dxc4 7. Bxc4 0-0 8. 0-0 Nc6 9. h3 h6 10. a3 Bf5 11. Re1 a6 12. Be3 Qd7 13. Bd3 Rad8 14. Rc1 Rfe8 15. b4 Ne7 16. Bxf5 Qxf5 17. Qc2 Qxc2 18. Rxc2 Ned5 19. Na4 b6 20. Nb2 Ra8 21. Nc4 Bf8 22. Nfe5 a5 23. bxa5 b5 24. Nd2 Rxa5 25. Rb1 Rea8 26. Nc6 Rxa3 27. Rxb5 Nxe3 28. fxe3 Rxe3 29. Ne5 Bd6 30. Ndf3 Ne4 31. Rb1 f6 32. Nc4 Bg3 33. Nxe3 Bf4 34. Nd5 Bd6 35. Nxc7 Rc8 36. Rbc1 Bf4 37. Nb5 Rb8 38. Rc8+ Rxc8 39. Rxc8+ Kh7 40. Nc3 Be3+ 41. Kh2 Bf4+ 42. Kg1 Be3+ 43. Kf1 Ng3+ 44. Ke1 Bf4 45. Ne2 1-0

[Event "Santiago de Compostela Bicapawn GP B3"]
[Site "Santiago de Compostela"]
[Date "2022.10.20"]
[Round "6"]
[White "Jul Perez, Alberto"]
[Black "Sumets, Andrey"]
[Result "0-1"]
[WhiteElo "1953"]
[BlackElo "2493"]
[PlyCount "52"]
[EventDate "2022.10.20"]
[EventType "swiss (blitz)"]
[EventRounds "9"]
[EventCountry "ESP"]
[SourceTitle "CBM 210 Extra"]
[Source "ChessBase"]
[SourceDate "2022.11.30"]
[SourceVersion "1"]
[SourceVersionDate "2022.11.30"]
[SourceQuality "1"]

1. e4 e6 2. d4 d5 3. Nd2 c5 4. Ngf3 a6 5. c3 cxd4 6. cxd4 dxe4 7. Nxe4 Nf6 8. Bd3 Nxe4 9. Bxe4 Bb4+ 10. Bd2 Bxd2+ 11. Qxd2 Nd7 12. 0-0 Nf6 13. Bc2 0-0 14. Rfe1 b6 15. Ne5 Bb7 16. Bb3 Bd5 17. Bxd5 Qxd5 18. Qb4 b5 19. a4 Rfb8 20. a5 Rb7 21. Rac1 Qd8 22. Rc6 Nd5 23. Qc5 g6 24. b4 Qf8 25. Rc1 Nxb4 26. Qxf8+ Rxf8 0-1